000 00233 a2200097 4500
001 30491
100 _aMartin
245 _aThe logic and Rhetoric of Exposition
260 _aNew york
_bRinehart and Company
_c
090 _c20425
_d20425
942 _aNUST-CAE
_cM
_c11587
999 _c265564
_d265564